Datum a čas kvízu

29.5 Celkem bodů Celkový počet nahraných bodů na tomto kvízu bez doplňovacích otázek.
8. Pořadí na kvízu Konečné umístění týmu na tomto kvízu.

Zaznamenané odpovědi

# Otázka Odpověď Body Výsledky
1. Prezidentské volby vyhrál o ví... Karlovarský, Ústecký, Moravskoslezský 1
2. Novým premiérem jedné země se... Nový Zéland 0
3. Americká Akademie filmového um... B) Všechno, všude, najednou 0
4. Minulý týden se k planetě Zemi... Neandertálská kometa 0
5. Tento 21letý český tenista svo... Jiří Lehečka 1
6. Dne 15. dubna 1986 byl jeden z... Vojtěch Filip 0
7. Ziggy Stardust je mimozemská r... David Bowie 1
8. Jak si říká tento nizozemský D... Tiësto 1
9. Přezdívky mají i státy USA. Do... 1C 2D 3B 4A 0
10. I mnozí sportovci si dávají př... Kaká 1